Hard Star Wars Quiz - Statistics

General Stats
  • This quiz has been taken 166 times
    151 since last reset
  • The average score is 5 of 9
Answer Stats
Question Answer % Correct
What Powers the Jedi's Lightsabers? Kyber Crystals
100%
Planet of the Wookies Kashyyyk
98%
White Wookie like Character Moroff
73%
What Hyperdrive type did Qui Gon Jinn have to replace. J-Type 357 Hyperdrive
54%
Imperial Ships on Scarif TIE Striker
52%
What happened to Qui Gon Jinns lightsaber? Placed in the Jedi Temple
35%
How many horns does Darth Maul have on his head. 10
31%
What Company makes metal star wars model kits. Metal Earth
27%
What word is engraved on Jyn's Kyber Crystal Necklace? Force
6%
No matching quizzes found
Score Distribution
Percent of People with Each Score
Percentile by Number Answered
Your Score History
You have not taken this quiz since the last reset